Eastern Utah Libraries Catalog: Duchesne, Heber, Roosevelt, & Vernal

Family is a superpower / (Record no. 246014)

MARC details
000 -LEADER
fixed length control field 04790nam a2200721 i 4500
001 - CONTROL NUMBER
control field 2847985
005 - DATE AND TIME OF LATEST TRANSACTION
control field 20190703093228.0
008 - FIXED-LENGTH DATA ELEMENTS--GENERAL INFORMATION
fixed length control field 190114s2019 mnua a 000 1 eng d
020 ## - INTERNATIONAL STANDARD BOOK NUMBER
International Standard Book Number 9781684460359 :
Terms of availability $16.95
020 ## - INTERNATIONAL STANDARD BOOK NUMBER
International Standard Book Number 1684460352 :
Terms of availability $16.95
020 ## - INTERNATIONAL STANDARD BOOK NUMBER
Cancelled/invalid ISBN 9781684460403
035 ## - SYSTEM CONTROL NUMBER
System control number (OCoLC)1048945126
035 ## - SYSTEM CONTROL NUMBER
System control number (OCoLC)on1048945126
035 ## - SYSTEM CONTROL NUMBER
System control number 2829843
040 ## - CATALOGING SOURCE
Original cataloging agency PABRO
Language of cataloging eng
Description conventions rda
Transcribing agency PABRO
049 ## - LOCAL HOLDINGS (OCLC)
Holding library IGAA
050 #4 - LIBRARY OF CONGRESS CALL NUMBER
Classification number PZ7.D15134
Item number Fam 2019
082 04 - DEWEY DECIMAL CLASSIFICATION NUMBER
Classification number [E]
Edition number 23
092 ## - LOCALLY ASSIGNED DEWEY CALL NUMBER (OCLC)
Classification number E
999 ## - SYSTEM CONTROL NUMBERS (KOHA)
Koha Dewey Subclass [OBSOLETE] E
100 1# - MAIN ENTRY--PERSONAL NAME
Personal name Dahl, Michael,
Relator term author.
9 (RLIN) 44367
245 10 - TITLE STATEMENT
Title Family is a superpower /
Statement of responsibility, etc words by Michael Dahl ; pictures by Omar Lozano.
264 #1 - Production, Publication, Distribution, Manufacture, and Copyright Notice.
Place of production, publication, distribution, manufacture North Mankato, Minnesota :
Name of producer, publisher, distributor, manufacturer Capstone Editions, a Capstone imprint,
Date of production, publication, distribution, manufacture, or copyr [2019]
300 ## - PHYSICAL DESCRIPTION
Extent 1 volume (unpaged) :
Other physical details color illustrations ;
Dimensions 23 x 27 cm
336 ## - Content Type
Content type term text
337 ## - Media type
Media type term unmediated
338 ## - Carrier type
Carrier type term volume
520 ## - SUMMARY, ETC.
Summary, etc BATMAN, SUPERMAN, and WONDER WOMAN have many extraordinary abilities, but their greatest superpower of all? Family! In this new addition to the bestselling DC Super Heroes Picture Book series, the diverse family structures of the World's Greatest Heroes mirror the lives of real-life children and their equally diverse families. Along with bright, bold illustrations and poetically spare text, award-winning author Michael Dahl (Bedtime for Batman, Good Morning, Superman, and Be a Star, Wonder Woman) makes all families no matter how big or how small, feel SUPER! The Capstone Interactive edition comes with simultaneous access for every student in your school and includes read aloud audio recorded by professional voice over artists.
521 1# - TARGET AUDIENCE NOTE
Target audience note 3-6
Source Brodart.
521 2# - TARGET AUDIENCE NOTE
Target audience note P-1
Source Brodart.
650 #0 - SUBJECT ADDED ENTRY--TOPICAL TERM
Topical term or geographic name as entry element Superheroes
Form subdivision Juvenile fiction.
9 (RLIN) 5784134
650 #1 - SUBJECT ADDED ENTRY--TOPICAL TERM
Topical term or geographic name as entry element Superheroes
Form subdivision Fiction.
9 (RLIN) 5673961
650 #0 - SUBJECT ADDED ENTRY--TOPICAL TERM
Topical term or geographic name as entry element Families
Form subdivision Juvenile fiction.
9 (RLIN) 5674031
650 #1 - SUBJECT ADDED ENTRY--TOPICAL TERM
Topical term or geographic name as entry element Family life
Form subdivision Fiction.
9 (RLIN) 5674038
650 #0 - SUBJECT ADDED ENTRY--TOPICAL TERM
Topical term or geographic name as entry element Picture books for children.
9 (RLIN) 89557
650 #1 - SUBJECT ADDED ENTRY--TOPICAL TERM
Topical term or geographic name as entry element Picture books.
9 (RLIN) 89556
650 #7 - SUBJECT ADDED ENTRY--TOPICAL TERM
Topical term or geographic name as entry element JUVENILE FICTION / Family
Source of heading or term bisacsh
9 (RLIN) 5732372
650 #7 - SUBJECT ADDED ENTRY--TOPICAL TERM
Topical term or geographic name as entry element JUVENILE FICTION / Imagination & Play
Source of heading or term bisacsh
9 (RLIN) 5717453
650 #7 - SUBJECT ADDED ENTRY--TOPICAL TERM
Topical term or geographic name as entry element JUVENILE FICTION / Media Tie-In
Source of heading or term bisacsh
9 (RLIN) 5719432
650 #7 - SUBJECT ADDED ENTRY--TOPICAL TERM
Topical term or geographic name as entry element JUVENILE FICTION / Superheroes
Source of heading or term bisacsh
9 (RLIN) 5725640
700 1# - ADDED ENTRY--PERSONAL NAME
Personal name Lozano, Omar,
Relator term illustrator.
9 (RLIN) 5739579
942 ## - ADDED ENTRY ELEMENTS (KOHA)
Source of classification or shelving scheme Dewey Decimal Classification
Koha item type BOOK
948 ## - LOCAL PROCESSING INFORMATION (OCLC); SERIES PART DESIGNATOR (RLIN)
Series part designator, SPT (RLIN) NP
b (OCLC) CHILDREN'S
p (OCLC) X119996908
k (OCLC) J
h (OCLC) E
f (OCLC) 1
r (OCLC) 2
g (OCLC) 1
7 (OCLC) 0
u (OCLC) 3
w (OCLC) 11
s (OCLC) 0
o (OCLC) NP
0 (OCLC) $16.95
y (OCLC) 99
c (OCLC) 94
j (OCLC) Dewey Decimal
n (OCLC) On-Order
e (OCLC) 1530092-1
9 (OCLC) Item generated May 13 2019 11:21AM
948 ## - LOCAL PROCESSING INFORMATION (OCLC); SERIES PART DESIGNATOR (RLIN)
Series part designator, SPT (RLIN) BOL
b (OCLC) CHILDREN'S
p (OCLC) X119821981
k (OCLC) J
h (OCLC) E
f (OCLC) 1
r (OCLC) 2
g (OCLC) 1
7 (OCLC) 0
u (OCLC) 3
w (OCLC) 11
s (OCLC) 0
o (OCLC) BOL
0 (OCLC) $16.95
y (OCLC) 99
c (OCLC) 94
j (OCLC) Dewey Decimal
n (OCLC) On-Order
e (OCLC) 1493315-4
9 (OCLC) Item generated Mar 26 2019 9:49AM
948 ## - LOCAL PROCESSING INFORMATION (OCLC); SERIES PART DESIGNATOR (RLIN)
Series part designator, SPT (RLIN) BAP
b (OCLC) CHILDREN'S
p (OCLC) X119821999
k (OCLC) J
h (OCLC) E
f (OCLC) 1
r (OCLC) 2
g (OCLC) 1
7 (OCLC) 0
u (OCLC) 3
w (OCLC) 11
s (OCLC) 0
o (OCLC) BAP
0 (OCLC) $16.95
y (OCLC) 99
c (OCLC) 94
j (OCLC) Dewey Decimal
n (OCLC) On-Order
e (OCLC) 1493315-3
9 (OCLC) Item generated Mar 26 2019 9:49AM
948 ## - LOCAL PROCESSING INFORMATION (OCLC); SERIES PART DESIGNATOR (RLIN)
Series part designator, SPT (RLIN) BHI
b (OCLC) CHILDREN'S
p (OCLC) X119822005
k (OCLC) J
h (OCLC) E
f (OCLC) 1
r (OCLC) 2
g (OCLC) 1
7 (OCLC) 0
u (OCLC) 3
w (OCLC) 11
s (OCLC) 0
o (OCLC) BHI
0 (OCLC) $16.95
y (OCLC) 99
c (OCLC) 94
j (OCLC) Dewey Decimal
n (OCLC) On-Order
e (OCLC) 1493315-8
9 (OCLC) Item generated Mar 26 2019 9:49AM
948 ## - LOCAL PROCESSING INFORMATION (OCLC); SERIES PART DESIGNATOR (RLIN)
Series part designator, SPT (RLIN) BBL
b (OCLC) CHILDREN'S
p (OCLC) X119822013
k (OCLC) J
h (OCLC) E
f (OCLC) 1
r (OCLC) 2
g (OCLC) 1
7 (OCLC) 0
u (OCLC) 3
w (OCLC) 11
s (OCLC) 0
o (OCLC) BBL
0 (OCLC) $16.95
y (OCLC) 99
c (OCLC) 94
j (OCLC) Dewey Decimal
n (OCLC) On-Order
e (OCLC) 1493315-2
9 (OCLC) Item generated Mar 26 2019 9:49AM
948 ## - LOCAL PROCESSING INFORMATION (OCLC); SERIES PART DESIGNATOR (RLIN)
Series part designator, SPT (RLIN) BKR
b (OCLC) CHILDREN'S
p (OCLC) X119822021
k (OCLC) J
h (OCLC) E
f (OCLC) 1
r (OCLC) 2
g (OCLC) 1
7 (OCLC) 0
u (OCLC) 3
w (OCLC) 11
s (OCLC) 0
o (OCLC) BKR
0 (OCLC) $16.95
y (OCLC) 99
c (OCLC) 94
j (OCLC) Dewey Decimal
n (OCLC) On-Order
e (OCLC) 1493315-9
9 (OCLC) Item generated Mar 26 2019 9:49AM
948 ## - LOCAL PROCESSING INFORMATION (OCLC); SERIES PART DESIGNATOR (RLIN)
Series part designator, SPT (RLIN) BDW
b (OCLC) CHILDREN'S
p (OCLC) X119822039
k (OCLC) J
h (OCLC) E
f (OCLC) 1
r (OCLC) 2
g (OCLC) 1
7 (OCLC) 0
u (OCLC) 3
w (OCLC) 11
s (OCLC) 0
o (OCLC) BDW
0 (OCLC) $16.95
y (OCLC) 99
c (OCLC) 94
j (OCLC) Dewey Decimal
n (OCLC) On-Order
e (OCLC) 1493315-6
9 (OCLC) Item generated Mar 26 2019 9:49AM
948 ## - LOCAL PROCESSING INFORMATION (OCLC); SERIES PART DESIGNATOR (RLIN)
Series part designator, SPT (RLIN) BPR
b (OCLC) CHILDREN'S
p (OCLC) X119822047
k (OCLC) J
h (OCLC) E
f (OCLC) 1
r (OCLC) 2
g (OCLC) 1
7 (OCLC) 0
u (OCLC) 3
w (OCLC) 11
s (OCLC) 0
o (OCLC) BPR
0 (OCLC) $16.95
y (OCLC) 99
c (OCLC) 94
j (OCLC) Dewey Decimal
n (OCLC) On-Order
e (OCLC) 1493315-5
9 (OCLC) Item generated Mar 26 2019 9:49AM
948 ## - LOCAL PROCESSING INFORMATION (OCLC); SERIES PART DESIGNATOR (RLIN)
Series part designator, SPT (RLIN) BAR
b (OCLC) CHILDREN'S
p (OCLC) X119822054
k (OCLC) J
h (OCLC) E
f (OCLC) 1
r (OCLC) 2
g (OCLC) 1
7 (OCLC) 0
u (OCLC) 3
w (OCLC) 11
s (OCLC) 0
o (OCLC) BAR
0 (OCLC) $16.95
y (OCLC) 99
c (OCLC) 94
j (OCLC) Dewey Decimal
n (OCLC) On-Order
e (OCLC) 1493315-7
9 (OCLC) Item generated Mar 26 2019 9:49AM
948 ## - LOCAL PROCESSING INFORMATION (OCLC); SERIES PART DESIGNATOR (RLIN)
Series part designator, SPT (RLIN) CCL
b (OCLC) CHILDREN'S
p (OCLC) X119822062
k (OCLC) J
h (OCLC) E
f (OCLC) 1
r (OCLC) 2
g (OCLC) 1
7 (OCLC) 0
u (OCLC) 3
w (OCLC) 11
s (OCLC) 0
o (OCLC) CCL
0 (OCLC) $16.95
y (OCLC) 99
c (OCLC) 94
j (OCLC) Dewey Decimal
n (OCLC) On-Order
e (OCLC) 1493315-1
9 (OCLC) Item generated Mar 26 2019 9:49AM
Holdings
Withdrawn status Lost status Source of classification or shelving scheme Damaged status Not for loan Collection code Home library Current library Shelving location Date acquired Cost, normal purchase price Total Checkouts Total Renewals Full call number Barcode Checked out Date last seen Date checked out Cost, replacement price Price effective from Koha item type
    Dewey Decimal Classification     Children Picture Books Wasatch County Library Wasatch County Library Main Floor Childrens Area 04/10/2019 16.95 57 31 E Superheroes 34301001631722 05/08/2026 03/10/2026 03/10/2026 16.95 03/20/2020 BOOK
This project was made possible through a grant from the Institute of Museum and Library Service administered by the Utah State Library Division.

Wasatch County Library

  • 465 East 1200 South, Heber City, Utah 84032
  • Phone 435-654-1511 | Fax 435-654-6456

Hours

  • Monday - Friday 9:30 AM - 8:00 PM
  • Saturday 9:30 AM - 1:30 PM
  • Closed Sundays and Holidays